| 000 | 00804nam a2200229 i 4500 | ||
|---|---|---|---|
| 001 | 13695 | ||
| 003 | ES-MaACL | ||
| 005 | 20230906150638.0 | ||
| 007 | t| | ||
| 008 | 980601s1997 sp ||||1| spa d | ||
| 020 | _a84-923417-0-X | ||
| 080 | _a821.131.1-21"15" | ||
| 080 | _a821.131.1 Giraldi, Giovanni Battista 7 Selene.06 | ||
| 100 | 1 |
_aRomera Pintor, Irene. _999295 |
|
| 245 | 1 | 3 |
_aLa tragedia renacentista "Selene" de Giraldi Cinthio / _cIrene Romera Pintor. |
| 260 |
_aMadrid : _bAgrupación Ateneísta de Estudios sobre la Mujer Clara Campoamor, _c[1997] |
||
| 300 |
_a469 p. ; _c21 cm. |
||
| 600 | 1 | 4 |
_aGiraldi, Giovanni Battista. _9171189 |
| 710 | 2 |
_aAgrupación Ateneísta de Estudios sobre la Mujer Clara Campoamor _91276 |
|
| 852 |
_aES-MaACL _jL-20922 |
||
| 999 |
_c13695 _d13695 |
||